Loading...
| Fine Arts - Painting and Sculpture | 0 | 3 | 0 | 1 | 30 | 118 | 122.33 | 0 | 0 | 0.30 | 10.23 |
| Science - Other | 0 | 4 | 2 | 1 | 30 | 103 | 117.25 | 0 | 1 | 3.77 | 14.77 |
| Social Science | 0 | 3 | 0 | 1 | 30 | 93 | 107.33 | 0 | 1 | 3.07 | 13.64 |
| Science - Chemistry | 0 | 2 | 0 | 1 | 20 | 102 | 105.00 | 0 | 0 | 0.42 | 7.95 |
| Literature - European | 0 | 2 | 0 | 0 | 20 | 118 | 124.00 | 0 | 0 | 1.44 | 7.95 |
| Popular Culture | 0 | 1 | 0 | 1 | 10 | 124 | 124.00 | 0 | 0 | 2.02 | 20.83 |
| Science - Biology | 0 | 1 | 0 | 0 | 10 | 113 | 113.00 | 0 | 0 | 0.08 | 1.14 |
| Mythology | 0 | 1 | 0 | 1 | 10 | 104 | 104.00 | 0 | 0 | 0.00 | 1.14 |
| History - Other | 0 | 1 | 0 | 1 | 10 | 122 | 122.00 | 0 | 0 | 0.00 | 1.14 |
| Literature - American | 0 | 1 | 0 | 0 | 10 | 107 | 107.00 | 0 | 0 | 2.69 | 3.41 |
| Literature - British | 0 | 1 | 0 | 0 | 10 | 142 | 142.00 | 0 | 0 | 0.60 | 4.55 |
| Literature - World | 0 | 1 | 0 | 0 | 10 | 109 | 109.00 | 0 | 0 | 1.86 | 2.27 |
| Philosophy | 0 | 0 | 0 | 0 | 0 | 0.00 | 0 | 0 | 0.00 | 0.00 | |
| Fine Arts - Classical Music | 0 | 0 | 0 | 0 | 0 | 0.00 | 0 | 0 | 0.00 | 0.00 | |
| Fine Arts - Other | 0 | 0 | 0 | 0 | 0 | 0.00 | 0 | 0 | 0.00 | 0.00 | |
| Science - Physics | 0 | 0 | 1 | 0 | -5 | 0.00 | 0 | 0 | 0.00 | 0.00 |